Auditora̕ basada en riesgos Perspectiva estratǧica de sistemas /

Detalles Bibliográficos
Autor principal: Mantilla Blanco, Samuel Alberto
Formato: eBook
Lenguaje:español
Publicado: Bogot:̀ ECOE, 2008
Materias:
Acceso en línea:Acceso restringido

MARC

LEADER 00000nam a22000007a 4500
005 20220204233846.0
007 cr|||| ||||
008 220204s2008 co |||||s|||| 00||0 spa d
020 |a 978-958-648-512-8 
035 |a 35776 
040 |a vLex 
090 |c 12914  |d 12914 
100 1 |a Mantilla Blanco, Samuel Alberto 
245 1 0 |a Auditora̕ basada en riesgos  |h [Recurso electrn̤ico] :  |b Perspectiva estratǧica de sistemas /  |c Samuel Alberto Mantilla Blanco 
256 |a Servicio en ln̕ea 
260 |a Bogot:̀  |b ECOE,   |c 2008 
300 |a 1 recurso electrn̤ico 
500 |a Con el tt̕ulo Auditora̕ basada en riesgos. Perspectiva estratǧica de sistemas se ofrece en un solo volumen las tres ms̀ importantes monografa̕s que hasta la fecha, sobre el tema, se han publicado en el mundo: (1) 'Auditando organizaciones mediante una perspectiva estratǧica de sistemas1; (2) 'Enfoque estratǧico de sistemas para la auditora̕1; y (3) 'Auditora̕ de la compaą̕ pb︢lica del siglo 21' Dispone el lector de un anl̀isis juicioso, debidamente documentado y escrito para disfrutar de su lectura, relacionado con la tendencia contemporǹea ms̀ importante en la prc̀tica de la auditora̕: el enfoque basado-en-riesgos. La auditora̕ volvi ̤a cambiar su enfoque. Haba̕ evolucionado desde la revisin̤ (al 100%) hacia la atestacin̤ (muestreo selectivo) y ahora lo hace alrededor del aseguramiento de la informacin̤ (administracin̤ de riesgos). En el presente, tal enfoque ha sido recogido por los estǹdares internacionales de auditora̕ (ISAs), por la nueva directiva de la Unin̤ Europea sobre auditora̕ estatutaria, por el nuevo estǹdar americano de auditora̕ del control interno emitido por la PCAOB (AS-5), por los principales emisores de estǹdares nacionales de auditora̕ (Estados Unidos, Reino Unido, Hong Kong, Canad,̀ Nueva Zelanda y Australia), por los criterios de control ms̀ acogidos en el mundo (COSO, Turbull, Coco) y por los estǹdares internacionales de auditora̕ interna. Tiene el lector una obra fresca, contemporǹea, de alcance mundial. Recoge las temt̀icas relacionadas con gobierno corporativo, modelo de riesgos de auditora̕, calidad de la auditora̕, independencia, metodologa̕s de auditora̕,y dems̀, estrechamente relacionadas con cm̤o se est ̀aplicando hoy, en el mundo, esta disciplina, principalmente en las compaą̕s pb︢licas del siglo veintiuno. Ciertamente, se trata de una obra de referencia, actualizada, dinm̀ica, que le ofrece al lector el estado actual de esta temt̀ica, sus tendencias ms̀ fuertes y los escenarios futuros ms̀ previsibles. Una obra para disfrutar, analizar y aprovechar al mx̀imo. 
506 1 |a Disponible solo en los productos indicados  |d vLex Global  |d vLex Global (Academic Edition, excluding Law Schools)  |d vLex Global (U.S. Academic Edition, Law Schools)  |d vLex Global (U.S. Academic Edition, excluding Law Schools)  |d vLex Global (Academic Edition, Law Schools) 
650 0 4 |a Inspeccin̤ tributaria  |z Colombia 
740 0 |a vLex Libros (Servicio en ln̕ea) 
856 4 0 |u https://app.vlex.com/#/sources/35776  |z Acceso restringido 
942 |c BOOK 
999 0 |a tax inspection